[Event "San Francisco TNM Summer op"]
[Site "San Francisco"]
[Date "2006.08.01"]
[Round "8"]
[White "Bertot, German"]
[Black "Parker, Frank"]
[Result "0-1"]
[WhiteElo "1439"]
[BlackElo "1812"]
[PlyCount "92"]
[EventDate "2006.06.06"]
[EventType "swiss"]
[EventRounds "8"]
[EventCountry "USA"]
[SourceTitle "EXT 2007"]
[Source "ChessBase"]
[SourceDate "2006.11.23"]
[SourceVersion "1"]
[SourceVersionDate "2006.11.23"]
[SourceQuality "1"]

1. d4 d5 2. c4 c6 3. Nc3 Nf6 4. Nf3 e6 5. Bg5 Be7 6. e3 Nbd7 7. Bd3 0-0 8. 0-0 dxc4 9. Bxc4 b5 10. Bd3 Bb7 11. Rc1 a6 12. Ne4 Rc8 13. Nc5 Nxc5 14. dxc5 Qd5 15. a3 Rcd8 16. Bb1 Qxd1 17. Rfxd1 Nd5 18. Bxe7 Nxe7 19. Ne5 Ng6 20. Nd7 Rfe8 21. Rd2 Bc8 22. Rcd1 Bxd7 23. Bxg6 hxg6 24. Rxd7 Rxd7 25. Rxd7 Kf8 26. Rd6 Rc8 27. f4 Ke7 28. e4 a5 29. b4 axb4 30. axb4 Ra8 31. Rxc6 Ra4 32. Rb6 Rxb4 33. e5 Rxf4 34. Rxb5 Kd7 35. Rb6 Kc7 36. Ra6 Rf5 37. c6 f6 38. Ra7+ Kxc6 39. Rxg7 fxe5 40. Rxg6 Kd5 41. Rg3 e4 42. Re3 Kd4 43. Re1 e3 44. Rd1+ Kc3 45. h4 e2 46. Re1 Kd2 0-1

[Event "San Francisco TNM Summer op"]
[Site "San Francisco"]
[Date "2006.06.27"]
[Round "4"]
[White "Russell, Joe Ryan"]
[Black "Parker, Frank"]
[Result "1/2-1/2"]
[WhiteElo "1633"]
[BlackElo "1812"]
[PlyCount "80"]
[EventDate "2006.06.06"]
[EventType "swiss"]
[EventRounds "8"]
[EventCountry "USA"]
[SourceTitle "EXT 2007"]
[Source "ChessBase"]
[SourceDate "2006.11.23"]
[SourceVersion "1"]
[SourceVersionDate "2006.11.23"]
[SourceQuality "1"]

1. e4 c6 2. d4 d5 3. Nc3 dxe4 4. Nxe4 Bf5 5. Ng3 Bg6 6. h4 h6 7. Nf3 Nd7 8. Bd3 Bxd3 9. Qxd3 e6 10. Bf4 Ngf6 11. 0-0-0 Nd5 12. Bd2 Be7 13. c4 Nb4 14. Qb3 a5 15. a3 a4 16. Qe3 Na6 17. Ne4 b5 18. Ne5 Nxe5 19. dxe5 Qc7 20. cxb5 cxb5+ 21. Kb1 Qxe5 22. Bc3 Qf5 23. Bxg7 Rg8 24. Bxh6 Nc5 25. f3 Rxg2 26. Qd4 f6 27. Qe3 Nxe4 28. fxe4 Qe5 29. Qd4 Bd6 30. Qxe5 Bxe5 31. Bc1 Rd8 32. Rxd8+ Kxd8 33. h5 Rg7 34. h6 Rh7 35. Rg1 Ke7 36. Kc2 f5 37. exf5 exf5 38. b3 f4 39. bxa4 bxa4 40. Rg6 Rf7 1/2-1/2

[Event "San Francisco TNM Summer op"]
[Site "San Francisco"]
[Date "2006.06.13"]
[Round "2"]
[White "Chillakanti, Kartik"]
[Black "Parker, Frank"]
[Result "0-1"]
[WhiteElo "1390"]
[BlackElo "1812"]
[PlyCount "73"]
[EventDate "2006.06.06"]
[EventType "swiss"]
[EventRounds "8"]
[EventCountry "USA"]
[SourceTitle "EXT 2007"]
[Source "ChessBase"]
[SourceDate "2006.11.23"]
[SourceVersion "1"]
[SourceVersionDate "2006.11.23"]
[SourceQuality "1"]

1. d4 d5 2. c4 c6 3. Nc3 Nf6 4. Bg5 Nbd7 5. Nf3 e6 6. e3 Be7 7. Bd3 0-0 8. 0-0 dxc4 9. Bxc4 b5 10. Bd3 Bb7 11. Rc1 a6 12. Qe2 c5 13. Rfe1 cxd4 14. exd4 h6 15. Bh4 Rc8 16. h3 Nb6 17. a3 Re8 18. b4 Nc4 19. Bxc4 Rxc4 20. Bg3 Qc8 21. Na2 Rxc1 22. Rxc1 Qa8 23. Bf4 Nd5 24. Be5 Bd6 25. Nc3 Nb6 26. Nb1 Nc4 27. Rc3 Rc8 28. Nbd2 Bd5 29. Nxc4 Rxc4 30. Rxc4 Bxc4 31. Qd2 Bd5 32. Nh4 Be7 33. Nf3 Bf6 34. Ne1 Qc6 35. Nc2 Be4 36. Ne1 Bxg2 37. Bxf6 0-1

[Event "San Francisco MI Fall op"]
[Site "San Francisco"]
[Date "2005.12.20"]
[Round "8"]
[White "Salvo, Tab"]
[Black "Parker, Frank"]
[Result "0-1"]
[WhiteElo "1712"]
[BlackElo "1811"]
[PlyCount "94"]
[EventDate "2005.11.08"]
[EventType "swiss"]
[EventRounds "8"]
[EventCountry "USA"]
[SourceTitle "EXT 2007"]
[Source "ChessBase"]
[SourceDate "2006.11.23"]
[SourceVersion "1"]
[SourceVersionDate "2006.11.23"]
[SourceQuality "1"]

1. Nf3 Nf6 2. g3 d5 3. c4 e6 4. b3 c5 5. Bg2 Nc6 6. 0-0 Be7 7. d3 0-0 8. Re1 d4 9. Nbd2 e5 10. a3 Re8 11. Bb2 h6 12. h3 Bf5 13. Kh2 Bh7 14. Ng1 Qc7 15. Qc2 Rad8 16. Rad1 Bf8 17. Ne4 Nxe4 18. dxe4 g5 19. Bc1 Bg7 20. Qd3 Rf8 21. Rf1 Kh8 22. g4 Ne7 23. Kh1 Ng6 24. Nf3 Nf4 25. Bxf4 exf4 26. Rg1 Rfe8 27. Nd2 Bg6 28. f3 Bf6 29. Bf1 Kg7 30. Rg2 Rh8 31. Rh2 h5 32. Bg2 Be5 33. Rg1 hxg4 34. fxg4 f3 35. Nxf3 Bxh2 36. Nxh2 Rde8 37. Rf1 Rxh3 38. Qxh3 Rh8 39. Qxh8+ Kxh8 40. Kg1 Qe7 41. Kf2 Bxe4 42. Nf3 f6 43. Rh1+ Kg7 44. Rh3 a5 45. Rg3 b6 46. a4 Qd6 47. Bh3 Qf4 0-1

[Event "San Francisco Summer TNM"]
[Site "San Francisco"]
[Date "2005.07.12"]
[Round "5"]
[White "Parker, Frank"]
[Black "Chan, John"]
[Result "1-0"]
[WhiteElo "1800"]
[BlackElo "1626"]
[PlyCount "83"]
[EventDate "2005.06.14"]
[EventType "swiss"]
[EventRounds "8"]
[EventCountry "USA"]
[SourceTitle "EXT 2007"]
[Source "ChessBase"]
[SourceDate "2006.11.23"]
[SourceVersion "1"]
[SourceVersionDate "2006.11.23"]
[SourceQuality "1"]

1. d4 Nf6 2. c4 g6 3. Nc3 c6 4. e4 d6 5. Nf3 Bg7 6. Be2 0-0 7. h3 Re8 8. 0-0 Bd7 9. e5 Qc8 10. exf6 exf6 11. Kh2 Qc7 12. Bf4 g5 13. Bg3 h6 14. c5 f5 15. Bxd6 Qd8 16. Bc4 g4 17. hxg4 fxg4 18. Ne5 Be6 19. Bxe6 Rxe6 20. Qxg4 Nd7 21. Nxd7 Qxd7 22. Ne4 Qd8 23. Rad1 Rg6 24. Qh3 b5 25. f4 h5 26. g3 Qa5 27. a3 Qa4 28. Qg2 Re8 29. Be5 f6 30. f5 Rh6 31. Bf4 Rh7 32. Nd6 Re7 33. Qd2 Qb3 34. Rde1 Bf8 35. Rxe7 Bxe7 36. Qe2 Qc4 37. Qe6+ Qxe6 38. fxe6 a6 39. Re1 Kf8 40. Nf5 Bd8 41. Bd6+ Ke8 42. e7 1-0

[Event "IECC KO email"]
[Site "IECC email"]
[Date "2001.09.14"]
[Round "?"]
[White "Parker, Frank"]
[Black "Keber, Ernst"]
[Result "0-1"]
[WhiteElo "1509"]
[BlackElo "1384"]
[PlyCount "92"]
[EventDate "2001.??.??"]
[EventType "tourn (corr)"]
[EventRounds "6"]
[SourceTitle "Corr 2008"]
[Source "ChessBase"]
[SourceDate "2008.06.24"]
[SourceVersion "1"]
[SourceVersionDate "2008.06.24"]
[SourceQuality "1"]

1. e4 e5 2. Nf3 Nf6 3. Nxe5 d6 4. Nxf7 Kxf7 5. Nc3 g6 6. d4 Be6 7. Qf3 Nc6 8. Be3 Bg7 9. h3 Ke8 10. Qe2 d5 11. 0-0-0 Qd7 12. e5 Ng8 13. g4 Nce7 14. Qf3 Kd8 15. Re1 Nc6 16. Ne2 Nge7 17. Nf4 Kc8 18. Nd3 Rf8 19. Qe2 b6 20. Qd2 Nd8 21. Kb1 Kb8 22. Be2 c5 23. Bh6 Bxh6 24. Qxh6 Rf7 25. dxc5 d4 26. f4 Qa4 27. a3 Kc7 28. cxb6+ Kxb6 29. Bf3 Rb8 30. Be4 a6 31. Kc1 Qc4 32. Nb4 a5 33. Nd3 Rc8 34. Rh2 Qa2 35. Kd2 Nb7 36. Qh4 Nc5 37. Qf2 Nxe4+ 38. Rxe4 Nc6 39. Qg1 Ka7 40. Re1 Kb8 41. Ra1 Qc4 42. Rc1 Rfc7 43. Re2 Ne7 44. Re4 Rd8 45. Qf2 h5 46. Qg1 Rcc8 0-1